01044nam a2200193Ia 450000500170000000800410001702000350005802000350009305000210012810000360014924501260018525000180031126000330032930000180036250000240038050000490040450503670045365000300082020231102151241.0120720t1988 mx 000 0 spa d a9682416353 (primera edición) a9682421578 (segunda edición) aKGF1789bC3 198810aCavazos Flores, Baltasareautor14aLas 500 Preguntas Más Usuales Sobre Temas Laboralesb : Orientaciones teórico-prácticasc / Baltasar Cavazos Flores a2a. edición aMéxicob : Trillasc, 1988 a280 páginas aReimpresión: 1988 aIncluye: índice onomástico (pp. 279-280) aDoctrina y principios generales Relaciones individuales de trabajo Condiciones de trabajo Derechos y obligaciones de los trabajadores y los patrones Trabajo de las mujeres Trabajos especiales Relaciones colectivas de trabajo Huelgas Conflictos de trabajo Prescripción Riesgos de trabajo Autoridades del trabajo y servivios sociales Derecho procesal del trabajo14aDERECHO LABORALzMÉXICO